书目信息 |
| 题名: |
韩语听力教程
|
|
| 作者: | 李成道 , 全源海 , 朴银淑 编著 | |
| 分册: | 1 中级 | |
| 出版信息: | 北京 外语教学与研究出版社 2006.08 |
|
| 页数: | 188页 | |
| 开本: | 26cm | |
| 丛书名: | ||
| 单 册: | ||
| 中图分类: | H559.4 | |
| 科图分类: | ||
| 主题词: | 韩语--han yu--听说教学--自学参考资料 | |
| 电子资源: | ||
| ISBN: | 7-5600-5969-4 | |
| 000 | 00979nam0 2200265 450 | |
| 001 | 012006162172 | |
| 005 | 20070604153405.45 | |
| 010 | @a7-5600-5969-4@dCNY32.90 (含光盘) | |
| 100 | @a20061223d2006 km y0chiy0120 ea | |
| 101 | 0 | @achi@akor |
| 102 | @aCN@b110000 | |
| 105 | @ay z 000yy | |
| 200 | 1 | @a韩语听力教程@Ahan yu ting li jiao cheng@h1@i中级@f朴银淑 ... [等] 编著@Fpu yin shu...[deng]bian zhu |
| 210 | @a北京@c外语教学与研究出版社@d2006.08 | |
| 215 | @a188页@d26cm@e光盘2片 | |
| 304 | @a题名页题 : 朴银淑, 李成道, 全源海, 高红姬编著 | |
| 307 | @a光盘 ISRC : CN-A16-06-0209-0 | |
| 330 | @a本书内容涵盖了韩国社会、历史、文化、风俗等各方面的知识。由18课组成,即16篇课文和配套练习题以及2各考试单元。 | |
| 606 | 0 | @a韩语@Ahan yu@x听说教学@j自学参考资料 |
| 690 | @aH559.4@v4 | |
| 701 | 0 | @a李成道@Ali cheng dao@4编著 |
| 701 | 0 | @a全源海@Aquan yuan hai@4编著 |
| 701 | 0 | @a朴银淑@Apu yin shu@4编著 |
| 801 | 0 | @aCN@c20070604 |
| 905 | @b233515-17@dH559.4@eP692:1 | |
| 韩语听力教程.1.中级/朴银淑 ... [等] 编著.-北京:外语教学与研究出版社,2006.08 |
| 188页;26cm+光盘2片 |
| ISBN 7-5600-5969-4:CNY32.90 (含光盘) |
| 本书内容涵盖了韩国社会、历史、文化、风俗等各方面的知识。由18课组成,即16篇课文和配套练习题以及2各考试单元。 |
| ● |
| 相关链接 |
|
|
|
正题名:韩语听力教程
索取号:H559.4/P692:1
 
预约/预借
| 序号 | 登录号 | 条形码 | 馆藏地/架位号 | 状态 | 备注 |
| 1 | 233515 | 202335151 | 语言库209/ [索取号:H559.4/P692:1] | 在馆 | |
| 2 | 233516 | 202335160 | 语言库209/209语言库 138排1列1层/ [索取号:H559.4/P692:1] | 在馆 | |
| 3 | 233517 | 202335179 | 语言库209/209语言库 138排1列1层/ [索取号:H559.4/P692:1] | 在馆 |